[Event "Torneio Nacional de Mestres e Honra"]
[Site "Centro de Estagio do Jamor"]
[Date "2019.08.15"]
[Round "4.1"]
[White "Ferreira, Hugo"]
[Black "Rodrigues, Afonso"]
[Result "0-1"]
[BlackElo "2134"]
[WhiteElo "2142"]
[WhiteTeam "Ferroviarios do Barreiro"]
[BlackTeam "A.Xat - Montemor-O-Novo"]
[LiveChessVersion "1.4.8"]

1. d4 {[%clk 1:30:54]} d5 {[%clk 1:29:44]} 2. Bf4 {[%clk 1:30:42]} Nf6
{[%clk 1:29:44]} 3. e3 {[%clk 1:30:57]} c5 {[%clk 1:29:17]} 4. c3
{[%clk 1:30:58]} Nc6 {[%clk 1:29:34]} 5. Nd2 {[%clk 1:31:09]} e6 {[%clk 1:25:53]}
6. Ngf3 {[%clk 1:29:45]} Bd6 {[%clk 1:26:11]} 7. Bg3 {[%clk 1:30:07]} O-O
{[%clk 1:24:33]} 8. Bd3 {[%clk 1:30:25]} b6 {[%clk 1:17:29]} 9. Ne5
{[%clk 1:22:31]} Bb7 {[%clk 1:16:23]} 10. f4 {[%clk 1:22:07]} Ne7
{[%clk 1:09:24]} 11. Qf3 {[%clk 1:21:13]} Nf5 {[%clk 0:52:29]} 12. Bf2
{[%clk 1:20:02]} Be7 {[%clk 0:52:50]} 13. g4 {[%clk 1:15:04]} Nd6
{[%clk 0:52:11]} 14. g5 {[%clk 1:14:20]} Nfe4 {[%clk 0:52:29]} 15. Rg1
{[%clk 1:13:55]} c4 {[%clk 0:28:59]} 16. Bxe4 {[%clk 1:07:37]} dxe4
{[%clk 0:23:14]} 17. Qh5 {[%clk 1:07:07]} g6 {[%clk 0:23:19]} 18. Qg4
{[%clk 1:05:48]} Bd5 {[%clk 0:15:02]} 19. Rg3 {[%clk 1:02:39]} Qc7
{[%clk 0:13:47]} 20. Rh3 {[%clk 0:58:46]} Nf5 {[%clk 0:14:06]} 21. Nf1
{[%clk 0:52:47]} f6 {[%clk 0:13:41]} 22. gxf6 {[%clk 0:52:26]} Bxf6 23. Ng3
{[%clk 0:52:20]} Bxe5 {[%clk 0:14:09]} 24. fxe5 {[%clk 0:52:03]} Nxg3
{[%clk 0:13:42]} 25. Bxg3 {[%clk 0:51:35]} Rf3 {[%clk 0:12:57]} 26. Bh4
{[%clk 0:50:04]} Rxh3 {[%clk 0:13:20]} 27. Qxh3 {[%clk 0:50:28]} b5
{[%clk 0:13:19]} 28. Bf6 {[%clk 0:48:14]} b4 {[%clk 0:13:48]} 29. cxb4
{[%clk 0:41:49]} a5 {[%clk 0:12:17]} 30. b5 {[%clk 0:41:49]} a4 {[%clk 0:12:29]}
31. Rc1 {[%clk 0:40:15]} Qa5+ {[%clk 0:09:45]} 32. Kd1 {[%clk 0:38:26]} Qxb5
{[%clk 0:09:04]} 33. Rc2 {[%clk 0:38:18]} a3 {[%clk 0:07:56]} 34. Qh6
{[%clk 0:36:09]} Ra7 {[%clk 0:08:20]} 35. bxa3 {[%clk 0:29:29]} Qb1+
{[%clk 0:07:54]} 36. Kd2 {[%clk 0:25:59]} Rc7 {[%clk 0:08:18]} 37. Rc1
{[%clk 0:18:09]} Qd3+ {[%clk 0:08:15]} 38. Ke1 {[%clk 0:18:32]} c3
{[%clk 0:08:42]} 39. Rd1 {[%clk 0:18:07]} c2 {[%clk 0:09:09]} 40. Rxd3
{[%clk 0:18:10]} exd3 {[%clk 0:09:38]} 41. e4 {[%clk 0:18:06]} c1=Q+
{[%clk 0:09:16]} 42. Qxc1 {[%clk 0:18:28]} Rxc1+ {[%clk 0:09:44]} 43. Kd2
{[%clk 0:18:54]} Rc2+ {[%clk 0:09:20]} 44. Kxd3 {[%clk 0:19:19]} Bxe4+
{[%clk 0:09:47]} 45. Kxe4 {[%clk 0:19:44]} Rxh2 {[%clk 0:10:03]} 46. d5
{[%clk 0:19:55]} exd5+ {[%clk 0:09:24]} 47. Kxd5 {[%clk 0:20:19]} Kf7
{[%clk 0:09:46]} 48. Bg5 {[%clk 0:20:42]} Rxa2 {[%clk 0:10:07]} 49. e6+
{[%clk 0:20:46]} Ke8 {[%clk 0:10:34]} 50. Ke5 {[%clk 0:20:32]} Rxa3
{[%clk 0:10:58]} 51. Kf6 {[%clk 0:20:47]} Ra5 {[%clk 0:08:26]} 52. Bd2
{[%clk 0:19:19]} Rf5+ {[%clk 0:08:38]} 53. Kg7 {[%clk 0:19:45]} g5
{[%clk 0:08:48]} 54. Kxh7 {[%clk 0:20:04]} g4 {[%clk 0:09:01]} 55. Kg6
{[%clk 0:20:22]} Rd5 {[%clk 0:08:43]} 56. Be1 {[%clk 0:19:27]} Ke7
{[%clk 0:09:06]} 0-1

[Event "Torneio Nacional de Mestres e Honra"]
[Site "Centro de Estagio do Jamor"]
[Date "2019.08.15"]
[Round "4.2"]
[White "Dias, Paulo"]
[Black "Fidalgo, Daniel"]
[Result "1-0"]
[BlackElo "2089"]
[WhiteElo "2314"]
[WhiteTeam "A.Xat - Montemor-O-Novo"]
[BlackTeam "Santoantoniense FC"]
[LiveChessVersion "1.4.8"]

1. d4 {[%clk 1:30:28]} Nf6 {[%clk 1:30:49]} 2. c4 {[%clk 1:30:16]} g6
{[%clk 1:31:08]} 3. Nf3 {[%clk 1:30:35]} Bg7 {[%clk 1:31:25]} 4. g3
{[%clk 1:30:58]} d5 {[%clk 1:31:09]} 5. cxd5 {[%clk 1:30:46]} Nxd5
{[%clk 1:31:29]} 6. Bg2 {[%clk 1:31:09]} O-O {[%clk 1:29:53]} 7. O-O
{[%clk 1:31:29]} Nc6 {[%clk 1:29:08]} 8. e4 {[%clk 1:31:46]} Nb6 {[%clk 1:29:20]}
9. d5 {[%clk 1:32:02]} Na5 {[%clk 1:29:14]} 10. Nc3 {[%clk 1:32:09]} c6
{[%clk 1:29:07]} 11. Bf4 {[%clk 1:31:42]} Bg4 {[%clk 1:18:39]} 12. h3
{[%clk 1:28:27]} Bxf3 {[%clk 1:18:19]} 13. Qxf3 {[%clk 1:28:24]} cxd5
{[%clk 1:18:28]} 14. exd5 {[%clk 1:28:06]} Nac4 {[%clk 1:18:38]} 15. b3
{[%clk 1:24:16]} Nd6 {[%clk 1:18:53]} 16. Rac1 {[%clk 1:22:12]} Rc8
{[%clk 1:15:32]} 17. Rfe1 {[%clk 1:20:14]} Re8 {[%clk 1:30:49]} 18. Rf1
{[%clk 1:22:12]} Rf8 {[%clk 1:15:32]} 19. Rfe1 {[%clk 1:20:14]} Re8
{[%clk 1:14:29]} 20. g4 {[%clk 1:10:01]} Nd7 {[%clk 1:08:21]} 21. Ne4
{[%clk 1:00:28]} Nxe4 {[%clk 0:55:13]} 22. Qxe4 {[%clk 0:57:23]} Nc5
{[%clk 0:53:29]} 23. Qe3 {[%clk 0:40:03]} b6 {[%clk 0:52:16]} 24. Bg5
{[%clk 0:36:06]} Nb7 {[%clk 0:51:54]} 25. Rc6 {[%clk 0:27:14]} Na5
{[%clk 0:45:38]} 26. Rxc8 {[%clk 0:20:52]} Qxc8 {[%clk 0:45:34]} 27. Bxe7
{[%clk 0:20:29]} Bf8 {[%clk 0:45:30]} 28. d6 {[%clk 0:20:02]} Nb7
{[%clk 0:45:54]} 29. Rc1 {[%clk 0:16:44]} Qb8 {[%clk 0:45:04]} 30. d7
{[%clk 0:14:39]} 1-0

[Event "Torneio Nacional de Mestres e Honra"]
[Site "Centro de Estagio do Jamor"]
[Date "2019.08.15"]
[Round "4.3"]
[White "Fidalgo, Andre"]
[Black "Rocha, Sergio"]
[Result "1/2-1/2"]
[BlackElo "2353"]
[WhiteElo "2261"]
[WhiteTeam "Santoantoniense FC"]
[BlackTeam "FC Barreirense"]
[LiveChessVersion "1.4.8"]

1. d4 {[%clk 1:30:52]} Nf6 {[%clk 1:30:40]} 2. c4 {[%clk 1:31:15]} c6
{[%clk 1:30:58]} 3. Nf3 {[%clk 1:31:13]} b5 {[%clk 1:31:17]} 4. cxb5
{[%clk 1:24:39]} cxb5 {[%clk 1:31:35]} 5. Bf4 {[%clk 1:24:51]} e6
{[%clk 1:31:15]} 6. Nbd2 {[%clk 1:24:57]} Bb7 {[%clk 1:31:34]} 7. e3
{[%clk 1:24:53]} a6 {[%clk 1:31:57]} 8. Bd3 {[%clk 1:24:16]} Nc6 {[%clk 1:32:14]}
9. O-O {[%clk 1:22:48]} Be7 {[%clk 1:32:36]} 10. h3 {[%clk 1:23:13]} O-O
{[%clk 1:30:44]} 11. a3 {[%clk 1:15:51]} Qb6 {[%clk 1:30:14]} 12. Qe2
{[%clk 1:15:50]} Rfc8 {[%clk 1:30:08]} 13. Rfc1 {[%clk 1:14:07]} Na7
{[%clk 1:21:38]} 14. e4 {[%clk 1:09:27]} Rxc1+ {[%clk 1:21:24]} 15. Rxc1
{[%clk 1:09:50]} Rc8 {[%clk 1:21:49]} 16. Rxc8+ {[%clk 1:09:04]} Nxc8
{[%clk 1:22:14]} 17. Bg5 {[%clk 0:46:00]} Qd8 {[%clk 1:14:48]} 18. a4
{[%clk 0:36:45]} bxa4 {[%clk 1:13:42]} 19. Bxf6 {[%clk 0:35:26]} Bxf6
{[%clk 1:13:54]} 20. e5 {[%clk 0:35:34]} Be7 {[%clk 1:14:03]} 21. Bxa6
{[%clk 0:35:42]} Qb6 {[%clk 1:08:42]} 22. Bxb7 {[%clk 0:36:04]} Qxb7
{[%clk 1:08:34]} 23. Nc4 {[%clk 0:35:08]} Qa6 {[%clk 0:54:11]} 24. Qc2
{[%clk 0:33:28]} Na7 {[%clk 0:52:54]} 25. Ne3 {[%clk 0:28:49]} Qc6
{[%clk 0:48:38]} 26. Qxc6 {[%clk 0:28:19]} dxc6 {[%clk 0:45:40]} 27. Kf1
{[%clk 0:21:28]} a3 {[%clk 0:46:02]} 28. bxa3 {[%clk 0:21:51]} Bxa3
{[%clk 0:46:28]} 29. Nc4 {[%clk 0:21:01]} Bb4 {[%clk 0:45:27]} 30. Ke2
{[%clk 0:21:00]} c5 {[%clk 0:44:24]} 31. dxc5 {[%clk 0:19:40]} 1/2-1/2

[Event "Torneio Nacional de Mestres e Honra"]
[Site "Centro de Estagio do Jamor"]
[Date "2019.08.15"]
[Round "4.4"]
[White "Eggert, Alberto"]
[Black "Reis, Luis Sousa"]
[Result "0-1"]
[BlackElo "2161"]
[WhiteElo "2103"]
[WhiteTeam "Amadora Xadrez"]
[BlackTeam "Axportugal /Atlantidiagonal"]
[LiveChessVersion "1.4.8"]

1. Nf3 {[%clk 1:27:01]} Nf6 {[%clk 1:28:56]} 2. c4 {[%clk 1:27:09]} e6
{[%clk 1:22:51]} 3. d4 {[%clk 1:25:33]} c5 {[%clk 1:20:44]} 4. e3
{[%clk 1:22:42]} d5 {[%clk 1:20:05]} 5. Nc3 {[%clk 1:22:59]} Nc6 {[%clk 1:20:08]}
6. a3 {[%clk 1:22:18]} a6 {[%clk 1:19:47]} 7. h3 {[%clk 1:18:19]} h6
{[%clk 1:11:58]} 8. Bd3 {[%clk 1:11:10]} Be7 {[%clk 1:05:42]} 9. O-O
{[%clk 1:08:26]} O-O {[%clk 1:05:30]} 10. b3 {[%clk 1:08:43]} Kh8
{[%clk 1:00:45]} 11. dxc5 {[%clk 1:06:27]} Bxc5 {[%clk 1:00:23]} 12. cxd5
{[%clk 1:03:39]} exd5 {[%clk 0:58:52]} 13. Qc2 {[%clk 1:01:33]} Be6
{[%clk 0:55:35]} 14. b4 {[%clk 1:01:45]} Bd6 {[%clk 0:48:30]} 15. b5
{[%clk 1:01:51]} Ne5 {[%clk 0:48:37]} 16. Be2 {[%clk 0:59:10]} Qc8
{[%clk 0:41:14]} 17. Nd4 {[%clk 0:58:25]} Bd7 18. f4 {[%clk 0:56:49]} Ng6
{[%clk 0:15:47]} 19. Bf3 {[%clk 0:37:12]} Nh4 {[%clk 0:09:50]} 20. bxa6
{[%clk 0:25:59]} Nxf3+ {[%clk 0:09:38]} 21. Rxf3 {[%clk 0:26:08]} Rxa6
{[%clk 0:09:10]} 22. Qb3 {[%clk 0:26:22]} Qc4 {[%clk 0:08:25]} 23. Rb1
{[%clk 0:23:56]} Rc8 {[%clk 0:07:08]} 24. Nce2 {[%clk 0:20:36]} b6
{[%clk 0:06:15]} 25. Bb2 {[%clk 0:15:19]} Qxb3 {[%clk 0:05:39]} 26. Nxb3
{[%clk 0:15:38]} Bxa3 {[%clk 0:05:38]} 27. Bxf6 {[%clk 0:15:45]} gxf6
{[%clk 0:06:00]} 28. Ra1 {[%clk 0:15:35]} Rca8 {[%clk 0:06:19]} 29. Nc3
{[%clk 0:15:34]} Bc6 {[%clk 0:03:34]} 30. Nd4 {[%clk 0:15:22]} Bb7
{[%clk 0:03:50]} 31. Ncb5 {[%clk 0:15:01]} Bc5 {[%clk 0:04:05]} 32. Rxa6
{[%clk 0:11:42]} Rxa6 {[%clk 0:04:26]} 33. Rg3 {[%clk 0:12:05]} Ra2
{[%clk 0:03:38]} 34. Nf5 {[%clk 0:12:22]} Bf8 {[%clk 0:02:54]} 35. Nfd4
{[%clk 0:07:59]} Ra1+ {[%clk 0:01:43]} 36. Kf2 {[%clk 0:07:13]} Ba6
{[%clk 0:02:05]} 37. Kf3 {[%clk 0:07:27]} h5 {[%clk 0:01:27]} 38. e4
{[%clk 0:06:55]} Rf1+ {[%clk 0:00:59]} 39. Ke3 {[%clk 0:07:01]} Bc5
{[%clk 0:00:54]} 40. Nc3 {[%clk 0:05:04]} dxe4 {[%clk 0:00:35]} 41. Nce2
{[%clk 0:01:09]} Re1 {[%clk 0:00:43]} 42. Kd2 {[%clk 0:01:29]} Bb4+
{[%clk 0:00:53]} 43. Ke3 {[%clk 0:01:49]} Bd3 {[%clk 0:00:55]} 44. Kf2
{[%clk 0:01:41]} Rd1 {[%clk 0:00:57]} 45. Nc6 {[%clk 0:00:59]} Be1+
{[%clk 0:01:05]} 0-1

[Event "Torneio Nacional de Mestres e Honra"]
[Site "Centro de Estagio do Jamor"]
[Date "2019.08.15"]
[Round "4.5"]
[White "Fernandes, Miguel"]
[Black "Margarido, Jose"]
[Result "1-0"]
[BlackElo "2135"]
[WhiteElo "2108"]
[WhiteTeam "Aa Coimbra"]
[BlackTeam "Profigaia/ Escola Profiss"]
[LiveChessVersion "1.4.8"]

1. d4 {[%clk 1:30:57]} Nf6 {[%clk 1:30:53]} 2. c4 {[%clk 1:31:22]} e6
{[%clk 1:31:13]} 3. Nf3 {[%clk 1:31:47]} b6 {[%clk 1:31:28]} 4. Bf4
{[%clk 1:32:01]} Bb4+ {[%clk 1:28:38]} 5. Nfd2 {[%clk 1:30:54]} Bb7
{[%clk 1:24:09]} 6. a3 {[%clk 1:31:07]} Be7 {[%clk 1:24:31]} 7. Nc3
{[%clk 1:31:20]} Nh5 {[%clk 1:24:17]} 8. Bg3 {[%clk 1:31:05]} d6 {[%clk 1:22:47]}
9. e4 {[%clk 1:31:08]} Nxg3 {[%clk 1:23:10]} 10. hxg3 {[%clk 1:31:32]} c5
{[%clk 1:15:33]} 11. d5 {[%clk 1:30:39]} e5 {[%clk 1:15:33]} 12. Bd3
{[%clk 1:28:49]} g6 {[%clk 1:14:37]} 13. Qe2 {[%clk 1:28:14]} Kf8
{[%clk 1:11:09]} 14. O-O-O {[%clk 1:27:00]} Kg7 {[%clk 1:09:50]} 15. f4
{[%clk 1:25:31]} Bf6 {[%clk 1:03:23]} 16. Nf3 {[%clk 1:18:15]} Nd7
{[%clk 0:58:42]} 17. Kb1 {[%clk 1:15:48]} Qe7 {[%clk 0:53:29]} 18. Rde1
{[%clk 1:15:15]} Raf8 {[%clk 0:52:03]} 19. Nd1 {[%clk 1:14:50]} Bc8
{[%clk 0:49:34]} 20. Nf2 {[%clk 1:13:04]} h5 {[%clk 0:40:56]} 21. f5
{[%clk 1:10:00]} g5 {[%clk 0:33:42]} 22. g4 {[%clk 1:10:02]} h4 {[%clk 0:31:09]}
23. Qd2 {[%clk 1:10:21]} Rfg8 {[%clk 0:31:21]} 24. Nh3 {[%clk 1:09:19]} Kf8
{[%clk 0:31:38]} 25. Bc2 {[%clk 1:07:13]} Qd8 {[%clk 0:30:40]} 26. Bd3
{[%clk 1:05:07]} Be7 {[%clk 0:30:42]} 27. Kc2 {[%clk 1:05:03]} f6
{[%clk 0:30:10]} 28. Kd1 {[%clk 1:05:23]} Qc7 {[%clk 0:29:23]} 29. Ke2
{[%clk 1:05:20]} Bb7 {[%clk 0:25:33]} 30. Kf2 {[%clk 1:05:25]} Kf7
{[%clk 0:24:40]} 31. Ra1 {[%clk 1:04:29]} Ra8 {[%clk 0:21:06]} 32. Bc2
{[%clk 1:02:24]} Nf8 {[%clk 0:18:58]} 33. Ba4 {[%clk 1:00:27]} Nh7
{[%clk 0:19:15]} 34. Rh2 {[%clk 1:00:04]} Rag8 {[%clk 0:18:55]} 35. Rah1
{[%clk 1:00:18]} Qd8 {[%clk 0:13:14]} 36. g3 {[%clk 0:58:21]} hxg3+
{[%clk 0:13:43]} 37. Kxg3 {[%clk 0:58:44]} Kg7 {[%clk 0:14:10]} 38. Nhg1
{[%clk 0:58:13]} Nf8 {[%clk 0:07:00]} 39. Rh5 {[%clk 0:58:06]} Rxh5
{[%clk 0:06:24]} 40. Rxh5 {[%clk 0:58:31]} Rh8 {[%clk 0:06:12]} 41. Qh2
{[%clk 0:57:57]} Rh7 {[%clk 0:03:57]} 42. Rxh7+ {[%clk 0:57:14]} Nxh7
{[%clk 0:04:27]} 43. Qh5 {[%clk 0:57:27]} Nf8 {[%clk 0:04:54]} 44. Be8
{[%clk 0:55:39]} a6 {[%clk 0:04:45]} 45. Ne2 {[%clk 0:55:28]} Bc8
{[%clk 0:02:04]} 46. Kf2 {[%clk 0:55:04]} Bd7 {[%clk 0:02:21]} 47. Qf7+
{[%clk 0:55:10]} Kh8 {[%clk 0:01:56]} 48. Bxd7 {[%clk 0:55:34]} Nxd7
{[%clk 0:01:47]} 49. Ng3 {[%clk 0:55:33]} Bf8 {[%clk 0:00:47]} 50. Nh5
{[%clk 0:55:35]} Qe7 {[%clk 0:00:59]} 51. Qe6 {[%clk 0:54:45]} Kh7
{[%clk 0:00:34]} 1-0

[Event "Torneio Nacional de Mestres e Honra"]
[Site "Centro de Estagio do Jamor"]
[Date "2019.08.15"]
[Round "4.6"]
[White "Bartolo, Filipe"]
[Black "Guia, Artur"]
[Result "0-1"]
[BlackElo "1808"]
[WhiteElo "1705"]
[WhiteTeam "Gx Alekhine"]
[BlackTeam "Axportugal /Atlantidiagon"]
[LiveChessVersion "1.4.8"]

1. d4 {[%clk 1:30:59]} Nf6 {[%clk 1:30:55]} 2. Nf3 {[%clk 1:31:22]} e6
{[%clk 1:31:17]} 3. c4 {[%clk 1:31:46]} d5 {[%clk 1:31:40]} 4. Nc3
{[%clk 1:32:06]} Nbd7 {[%clk 1:32:05]} 5. cxd5 {[%clk 1:32:28]} exd5
{[%clk 1:32:31]} 6. Bg5 {[%clk 1:32:49]} Be7 {[%clk 1:32:56]} 7. e3
{[%clk 1:33:13]} c6 {[%clk 1:33:20]} 8. Bd3 {[%clk 1:33:04]} O-O {[%clk 1:33:43]}
9. h3 {[%clk 1:33:15]} h6 {[%clk 1:34:17]} 10. Bf4 {[%clk 1:34:08]} Re8
{[%clk 1:28:59]} 11. O-O {[%clk 1:34:01]} Bf8 {[%clk 1:29:15]} 12. Qc2
{[%clk 1:33:22]} Nb6 {[%clk 1:24:11]} 13. Rfd1 {[%clk 1:32:10]} Bd6
{[%clk 1:24:11]} 14. Bxd6 {[%clk 1:31:20]} Qxd6 {[%clk 1:24:36]} 15. Ne5 Qe7
{[%clk 1:11:43]} 16. Ne2 {[%clk 0:55:10]} Nfd7 {[%clk 1:06:04]} 17. Nxd7
{[%clk 0:55:12]} Bxd7 {[%clk 1:06:26]} 18. a3 {[%clk 0:54:51]} Nc8
{[%clk 1:05:17]} 19. Ng3 {[%clk 0:48:55]} Nd6 {[%clk 1:04:48]} 20. Nf5
{[%clk 0:49:08]} Bxf5 {[%clk 1:05:09]} 21. Bxf5 {[%clk 0:49:30]} Qg5
{[%clk 1:05:08]} 22. Bd3 {[%clk 0:47:57]} f5 {[%clk 1:05:03]} 23. b4
{[%clk 0:38:00]} Re6 {[%clk 1:02:19]} 24. Qe2 {[%clk 0:15:41]} Ne4
{[%clk 0:49:26]} 25. f4 {[%clk 0:11:44]} Qh4 {[%clk 0:46:45]} 26. Bxe4
{[%clk 0:10:21]} Rxe4 {[%clk 0:46:58]} 27. Qf3 {[%clk 0:10:11]} Rae8
{[%clk 0:46:56]} 28. Rd3 {[%clk 0:10:30]} R8e6 {[%clk 0:46:37]} 29. a4
{[%clk 0:10:32]} Qe7 {[%clk 0:46:26]} 30. b5 {[%clk 0:05:34]} Rxe3
{[%clk 0:46:16]} 31. Rxe3 {[%clk 0:05:35]} Rxe3 {[%clk 0:46:42]} 32. Qf2
{[%clk 0:05:55]} Qe4 {[%clk 0:46:35]} 33. bxc6 {[%clk 0:05:57]} Qxd4
{[%clk 0:45:28]} 34. Rc1 {[%clk 0:02:44]} bxc6 {[%clk 0:45:45]} 35. Rxc6
{[%clk 0:03:06]} Re1+ {[%clk 0:46:08]} 0-1

[Event "Torneio Nacional de Mestres e Honra"]
[Site "Centro de Estagio do Jamor"]
[Date "2019.08.15"]
[Round "4.7"]
[White "Dong, Fabio"]
[Black "Correia, Pedro"]
[Result "1/2-1/2"]
[BlackElo "1525"]
[WhiteElo "1433"]
[WhiteTeam "Cx Sintra"]
[BlackTeam "Axportugal /Atlantidiagon"]
[LiveChessVersion "1.4.8"]

1. c4 {[%clk 1:30:57]} g6 {[%clk 1:26:47]} 2. Nc3 {[%clk 1:31:14]} Bg7
{[%clk 1:25:57]} 3. d4 {[%clk 1:31:22]} e5 {[%clk 1:22:42]} 4. d5
{[%clk 1:30:48]} d6 {[%clk 1:20:33]} 5. e4 {[%clk 1:29:46]} Nf6 {[%clk 1:17:54]}
6. Nf3 {[%clk 1:29:39]} O-O 7. Be2 Bg4 {[%clk 1:15:04]} 8. h3 {[%clk 1:29:30]}
Bxf3 {[%clk 1:15:18]} 9. Bxf3 {[%clk 1:29:26]} Nbd7 {[%clk 1:15:17]} 10. O-O
{[%clk 1:27:27]} a6 {[%clk 1:10:48]} 11. Bg5 {[%clk 1:23:15]} h6 {[%clk 1:09:45]}
12. Bxf6 {[%clk 1:23:13]} Bxf6 {[%clk 1:05:25]} 13. Rb1 Rb8 {[%clk 1:00:10]} 14.
Qc2 {[%clk 1:17:32]} c6 {[%clk 0:53:01]} 15. Qd2 {[%clk 1:15:18]} Bg5
{[%clk 0:49:24]} 16. Qd3 {[%clk 1:14:34]} c5 {[%clk 0:46:34]} 17. a3
{[%clk 1:05:08]} Qa5 {[%clk 0:35:58]} 18. Nd1 {[%clk 0:51:10]} b5
{[%clk 0:33:57]} 19. Ne3 {[%clk 0:47:13]} Rb7 {[%clk 0:31:04]} 20. b4
{[%clk 0:45:18]} Qc7 {[%clk 0:28:39]} 21. Bg4 {[%clk 0:42:33]} cxb4
{[%clk 0:21:15]} 22. Bxd7 {[%clk 0:36:35]} Qxd7 {[%clk 0:17:29]} 23. axb4
{[%clk 0:34:45]} Bxe3 {[%clk 0:16:39]} 24. fxe3 {[%clk 0:34:51]} bxc4
{[%clk 0:16:23]} 25. Qxc4 {[%clk 0:34:39]} Rb5 {[%clk 0:15:55]} 26. Rfc1
{[%clk 0:33:46]} Qa7 {[%clk 0:15:12]} 27. Qc3 {[%clk 0:30:32]} Rfb8
{[%clk 0:13:13]} 28. Qe1 {[%clk 0:25:09]} a5 {[%clk 0:08:56]} 29. bxa5 Rxb1
{[%clk 0:08:55]} 30. Rxb1 {[%clk 0:24:18]} Rxb1 {[%clk 0:09:15]} 31. Qxb1
{[%clk 0:24:42]} Qxe3+ {[%clk 0:09:20]} 32. Kh1 {[%clk 0:24:59]} Kg7
{[%clk 0:08:41]} 33. a6 {[%clk 0:25:02]} Qc5 {[%clk 0:06:48]} 34. Qb7
{[%clk 0:24:52]} Qc1+ {[%clk 0:06:58]} 35. Kh2 {[%clk 0:25:09]} Qf4+
{[%clk 0:07:11]} 36. Kg1 {[%clk 0:25:06]} Qc1+ {[%clk 0:07:10]} 37. Kf2
{[%clk 0:25:23]} Qf4+ 38. Kg1 1/2-1/2

[Event "Torneio Nacional de Mestres e Honra"]
[Site "Centro de Estagio do Jamor"]
[Date "2019.08.15"]
[Round "4.8"]
[White "Morais, Vitor"]
[Black "Horta, Antonio"]
[Result "1/2-1/2"]
[BlackElo "1843"]
[WhiteElo "1907"]
[WhiteTeam "Clube Edp - Lisboa"]
[BlackTeam "Amadora Xadrez"]
[LiveChessVersion "1.4.8"]

1. c4 {[%clk 1:30:50]} e6 {[%clk 1:30:02]} 2. Nc3 {[%clk 1:31:10]} Nf6
{[%clk 1:30:02]} 3. g3 {[%clk 1:31:10]} d5 {[%clk 1:30:02]} 4. Bg2
{[%clk 1:31:10]} c6 {[%clk 1:30:02]} 5. cxd5 {[%clk 1:31:10]} exd5
{[%clk 1:30:02]} 6. e3 {[%clk 1:32:27]} Be7 {[%clk 1:29:38]} 7. Nge2
{[%clk 1:32:49]} O-O 8. O-O Bf5 {[%clk 1:28:06]} 9. d3 {[%clk 1:33:10]} Nbd7
{[%clk 1:27:48]} 10. e4 dxe4 11. dxe4 {[%clk 1:33:19]} Be6 {[%clk 1:26:59]} 12.
b3 {[%clk 1:33:34]} Ne5 {[%clk 1:22:03]} 13. Nf4 {[%clk 1:33:34]} Bg4
{[%clk 1:21:42]} 14. f3 {[%clk 1:33:09]} Qb6+ {[%clk 0:50:22]} 15. Kh1
{[%clk 1:33:17]} Rad8 {[%clk 0:50:46]} 16. Qc2 {[%clk 1:33:37]} Bc8
{[%clk 0:49:59]} 17. Na4 {[%clk 1:33:05]} Qa5 {[%clk 0:48:30]} 18. Be3
{[%clk 1:32:24]} g5 {[%clk 0:25:19]} 19. Ne2 {[%clk 1:31:54]} g4 {[%clk 0:24:36]}
20. fxg4 {[%clk 1:29:34]} Nfxg4 {[%clk 0:24:44]} 21. Bd4 {[%clk 1:28:11]} Rxd4
{[%clk 0:23:31]} 22. Nxd4 {[%clk 1:28:33]} Ne3 {[%clk 0:23:59]} 23. Qc3
{[%clk 1:27:27]} Qxc3 {[%clk 0:23:46]} 24. Nxc3 {[%clk 1:27:46]} Nxf1 25. Rxf1
{[%clk 1:27:51]} Rd8 {[%clk 0:18:17]} 26. Nf5 {[%clk 1:28:05]} Bb4
{[%clk 0:17:28]} 27. Nb1 {[%clk 1:27:20]} Be6 1/2-1/2

[Event "Torneio Nacional de Mestres e Honra"]
[Site "Centro de Estagio do Jamor"]
[Date "2019.08.15"]
[Round "4.9"]
[White "Dong, Rafael"]
[Black "Aguiar, Carlos"]
[Result "0-1"]
[BlackElo "1821"]
[WhiteElo "1432"]
[WhiteTeam "Cx Sintra"]
[BlackTeam "Gx Alekhine"]
[LiveChessVersion "1.4.8"]

1. c4 {[%clk 1:30:59]} Nf6 {[%clk 1:30:08]} 2. Nc3 {[%clk 1:31:23]} g6
{[%clk 1:29:29]} 3. g3 {[%clk 1:31:50]} Bg7 {[%clk 1:29:48]} 4. Bg2
{[%clk 1:32:17]} d6 {[%clk 1:29:51]} 5. Nf3 {[%clk 1:32:34]} O-O {[%clk 1:30:12]}
6. O-O {[%clk 1:32:57]} c6 {[%clk 1:30:35]} 7. d4 {[%clk 1:32:23]} Nbd7
{[%clk 1:30:45]} 8. e4 {[%clk 1:31:29]} e5 {[%clk 1:30:37]} 9. d5
{[%clk 1:30:23]} c5 {[%clk 1:30:45]} 10. a3 {[%clk 1:29:44]} a6 {[%clk 1:31:13]}
11. b4 {[%clk 1:24:54]} b6 {[%clk 1:31:14]} 12. h3 {[%clk 1:23:46]} Ne8
{[%clk 1:29:09]} 13. Bb2 {[%clk 1:21:07]} f5 {[%clk 1:29:01]} 14. Qe2
{[%clk 1:17:58]} Bh6 {[%clk 1:27:43]} 15. Bc1 {[%clk 1:16:41]} Bxc1
{[%clk 1:27:57]} 16. Raxc1 {[%clk 1:16:47]} Ng7 {[%clk 1:27:39]} 17. Nd2
{[%clk 1:12:49]} Nf6 {[%clk 1:22:01]} 18. bxc5 {[%clk 1:12:40]} bxc5
{[%clk 1:21:44]} 19. Rfd1 {[%clk 0:53:14]} Bd7 {[%clk 1:16:22]} 20. Rb1
{[%clk 0:53:19]} Qa5 {[%clk 1:16:14]} 21. Qd3 {[%clk 0:48:22]} Rab8
{[%clk 1:13:31]} 22. Ne2 {[%clk 0:43:57]} fxe4 {[%clk 1:08:57]} 23. Nxe4
{[%clk 0:44:01]} Nxe4 {[%clk 1:09:06]} 24. Bxe4 {[%clk 0:43:43]} Bxh3
{[%clk 1:08:47]} 25. Qc3 {[%clk 0:36:37]} Qc7 {[%clk 1:06:41]} 26. Qc2
{[%clk 0:29:43]} Bg4 {[%clk 1:02:52]} 27. Kg2 {[%clk 0:27:52]} Rxb1
{[%clk 1:02:16]} 28. Rxb1 {[%clk 0:28:09]} Qf7 {[%clk 0:57:37]} 29. Nc3
{[%clk 0:28:09]} Nf5 {[%clk 0:55:23]} 30. Rb6 {[%clk 0:27:34]} Nd4
{[%clk 0:55:19]} 31. Qd2 {[%clk 0:27:35]} Bf3+ {[%clk 0:54:52]} 32. Bxf3
{[%clk 0:27:30]} Qxf3+ {[%clk 0:54:36]} 33. Kg1 {[%clk 0:27:41]} Qxc3
{[%clk 0:54:49]} 34. Qxc3 {[%clk 0:27:42]} Ne2+ {[%clk 0:55:11]} 35. Kg2
{[%clk 0:28:00]} Nxc3 {[%clk 0:55:29]} 36. Rxd6 {[%clk 0:28:15]} Rxf2+
{[%clk 0:53:20]} 37. Kxf2 {[%clk 0:28:25]} Ne4+ {[%clk 0:53:41]} 0-1